15 principaux pays touchés par Covid-19 - 22 janvier - Statistiques

Statistiques générales
  • Ce quiz a été pris 57 fois
  • Le résultat moyen est 14 sur 28
Statistiques - réponses
pays % Correct
France
96%
Etats-Unis
90%
Brésil
85%
Allemagne
83%
Italie
83%
Russie
83%
Espagne
81%
Inde
81%
Royaume-Uni
79%
Mexique
75%
Argentine
63%
Portugal
63%
Suisse
58%
Belgique
52%
Pays-Bas
48%
Colombie
42%
Afrique du Sud
40%
Pologne
38%
Turquie
31%
Israël
21%
Croatie
17%
Tchèquie
15%
Slovénie
10%
Lituanie
8%
Panama
8%
Arménie
4%
Géorgie
2%
Bahreïn
0%
Aucun quiz correspondant
Distribution des résultats
% des personnes avec chaque résultat
Percentile par nombre de réponses
Votre historique - résultats
Vous n’avez pas pris ce quiz